[Event "NRW Class2 1617"]
[Site "Germany"]
[Date "2016.10.23"]
[Round "2.5"]
[White "Dresen, Ulrich"]
[Black "Loemker, Michael"]
[Result "1-0"]
[WhiteElo "2199"]
[BlackElo "2101"]
[PlyCount "99"]
[EventDate "2016.09.25"]
[EventType "team-tourn"]
[EventRounds "9"]
[EventCountry "GER"]
[SourceTitle "EXT 2023"]
[Source "ChessBase"]
[SourceDate "2022.10.05"]
[SourceVersion "1"]
[SourceVersionDate "2022.10.05"]
[SourceQuality "1"]
[WhiteTeam "Gerresheim"]
[BlackTeam "Herford Koenigsspringer"]
[WhiteTeamCountry "GER"]
[BlackTeamCountry "GER"]

1. d4 g6 2. c4 Bg7 3. e4 Nc6 4. Nf3 e5 5. dxe5 Nxe5 6. Nxe5 Bxe5 7. Nc3 d6 8. Bd3 Ne7 9. Bh6 f5 10. Qd2 Be6 11. 0-0 Qd7 12. Nd5 fxe4 13. Bxe4 0-0-0 14. Bg5 Bxd5 15. cxd5 Kb8 16. Rac1 h6 17. Be3 g5 18. Rc4 Bf4 19. Bxf4 gxf4 20. Rfc1 Rc8 21. Qxf4 h5 22. Qf7 Rcf8 23. Qg7 Rhg8 24. Qc3 Rc8 25. Qf3 Qe8 26. Qb3 Rg5 27. Rb4 b6 28. Qd3 Qg8 29. Qa6 Re8 30. Rxc7 Kxc7 31. Qxa7+ Kd8 32. Qxb6+ Kd7 33. Qb7+ Kd8 34. Rc4 Nc6 35. Qb6+ Ke7 36. Qxc6 Kf7 37. g3 Qf8 38. f4 Rg7 39. Bf5 Kg8 40. Be6+ Kh8 41. f5 Rg5 42. Rf4 Rb8 43. Qc3+ Kh7 44. b4 Qd8 45. Kg2 Ra8 46. a3 Qb6 47. h4 Rg4 48. Rxg4 hxg4 49. f6 Qa6 50. Qc7+ 1-0

[Event "NRW Class2 1617"]
[Site "Germany"]
[Date "2016.09.25"]
[Round "1.5"]
[White "Loemker, Michael"]
[Black "Broehl, Stephan"]
[Result "1/2-1/2"]
[WhiteElo "2101"]
[BlackElo "2149"]
[PlyCount "42"]
[EventDate "2016.09.25"]
[EventType "team-tourn"]
[EventRounds "9"]
[EventCountry "GER"]
[SourceTitle "EXT 2023"]
[Source "ChessBase"]
[SourceDate "2022.10.05"]
[SourceVersion "1"]
[SourceVersionDate "2022.10.05"]
[SourceQuality "1"]
[WhiteTeam "Herford Koenigsspringer"]
[BlackTeam "Niederkassel"]
[WhiteTeamCountry "GER"]
[BlackTeamCountry "GER"]

1. d4 d5 2. c4 c6 3. Nf3 Nf6 4. Nc3 dxc4 5. a4 Bf5 6. e3 e6 7. Bxc4 Bb4 8. 0-0 0-0 9. h3 Ne4 10. Qb3 Qe7 11. Rd1 Nd7 12. Bd3 Ndf6 13. Nh4 Bd6 14. Nxf5 exf5 15. Nxe4 fxe4 16. Be2 Nd5 17. Bd2 Kh8 18. Bc4 Nb6 19. Rac1 Nxc4 20. Rxc4 Rad8 21. Bb4 Bxb4 1/2-1/2

[Event "NRW Class2 1516"]
[Site "Germany"]
[Date "2016.04.03"]
[Round "8.7"]
[White "Osswald, Luis Monty"]
[Black "Loemker, Michael"]
[Result "1-0"]
[WhiteElo "2014"]
[BlackElo "2052"]
[PlyCount "50"]
[EventDate "2015.09.27"]
[EventType "team-tourn"]
[EventRounds "9"]
[EventCountry "GER"]
[SourceTitle "EXT 2017"]
[Source "ChessBase"]
[SourceDate "2016.10.25"]
[SourceVersion "1"]
[SourceVersionDate "2016.10.25"]
[SourceQuality "1"]
[WhiteTeam "Ennepe Ruhr Sued"]
[BlackTeam "Herford Koenigsspringer"]
[WhiteTeamCountry "GER"]
[BlackTeamCountry "GER"]

1. e4 g6 2. d4 Bg7 3. Nc3 d6 4. Be3 c6 5. h3 b5 6. Bd3 Nf6 7. f4 b4 8. Nce2 Nbd7 9. Nf3 0-0 10. 0-0 c5 11. Nd2 Bb7 12. Ng3 cxd4 13. Bxd4 e5 14. Be3 d5 15. f5 dxe4 16. Ndxe4 Nxe4 17. Bxe4 Qc8 18. Qf3 Bxe4 19. Nxe4 f6 20. Nd6 Qxc2 21. Qd5+ Kh8 22. Rf2 Qc7 23. Nf7+ Rxf7 24. Qxf7 Rf8 25. Qe7 Qc8 1-0

[Event "NRW Class2 1415"]
[Site "Germany"]
[Date "2014.10.05"]
[Round "2.3"]
[White "Loemker, Michael"]
[Black "Rosen, Bernd"]
[Result "1/2-1/2"]
[WhiteElo "2092"]
[BlackElo "2277"]
[PlyCount "46"]
[EventDate "2014.09.14"]
[EventType "team-tourn"]
[EventRounds "9"]
[EventCountry "GER"]
[SourceTitle "EXT 2017"]
[Source "ChessBase"]
[SourceDate "2016.10.25"]
[SourceVersion "1"]
[SourceVersionDate "2016.10.25"]
[SourceQuality "1"]
[WhiteTeam "Herford Koenigsspringer"]
[BlackTeam "Katernberg II"]
[WhiteTeamCountry "GER"]
[BlackTeamCountry "GER"]

1. d4 Nf6 2. c4 c5 3. d5 e5 4. Nc3 d6 5. e4 Nbd7 6. Be2 Be7 7. Nf3 Nf8 8. 0-0 Ng6 9. Ne1 0-0 10. Nd3 Ne8 11. a3 Bg5 12. b4 b6 13. f3 f5 14. exf5 Bxf5 15. Ne4 Bxc1 16. Qxc1 Bxe4 17. fxe4 Rxf1+ 18. Bxf1 Qh4 19. Nf2 Nf6 20. g3 Qh5 21. Bh3 Qe2 22. Bf1 Qf3 23. Bg2 Qe2 1/2-1/2

[Event "NRW Class2 1314"]
[Site "Germany"]
[Date "2014.04.27"]
[Round "9.4"]
[White "Haves, Reinhard"]
[Black "Loemker, Michael"]
[Result "1/2-1/2"]
[WhiteElo "2151"]
[BlackElo "2092"]
[PlyCount "42"]
[EventDate "2013.09.15"]
[EventType "team-tourn"]
[EventRounds "9"]
[EventCountry "GER"]
[SourceTitle "EXT 2015"]
[Source "ChessBase"]
[SourceDate "2014.11.20"]
[SourceVersion "1"]
[SourceVersionDate "2014.11.20"]
[SourceQuality "1"]
[WhiteTeam "Neuenkirchen"]
[BlackTeam "Herford"]
[WhiteTeamCountry "GER"]
[BlackTeamCountry "GER"]

1. d4 g6 2. Nf3 Bg7 3. g3 Nf6 4. Bg2 0-0 5. 0-0 d6 6. c4 Nbd7 7. Nc3 c6 8. e4 e5 9. h3 a5 10. Be3 a4 11. Rb1 Qa5 12. Qc2 Re8 13. dxe5 dxe5 14. b4 axb3 15. axb3 Bf8 16. Rb2 Qb4 17. Ra2 Rxa2 18. Nxa2 Qa3 19. Bc1 Qa7 20. Nc3 Qb8 21. Be3 Bc5 1/2-1/2

[Event "NRW Class2 1314"]
[Site "Germany"]
[Date "2013.11.17"]
[Round "3.5"]
[White "Haude, Ruediger"]
[Black "Loemker, Michael"]
[Result "0-1"]
[WhiteElo "2030"]
[BlackElo "2092"]
[PlyCount "164"]
[EventDate "2013.09.15"]
[EventType "team-tourn"]
[EventRounds "9"]
[EventCountry "GER"]
[SourceTitle "EXT 2015"]
[Source "ChessBase"]
[SourceDate "2014.11.20"]
[SourceVersion "1"]
[SourceVersionDate "2014.11.20"]
[SourceQuality "1"]
[WhiteTeam "Letmathe"]
[BlackTeam "Herford"]
[WhiteTeamCountry "GER"]
[BlackTeamCountry "GER"]

1. d4 g6 2. Nf3 Bg7 3. g3 Nf6 4. Bg2 0-0 5. 0-0 d6 6. c4 Nbd7 7. Nc3 c6 8. Bg5 h6 9. Bd2 e5 10. d5 c5 11. Qc2 Ne8 12. Nh4 Nb6 13. b3 Bd7 14. Rae1 Nc8 15. e4 a6 16. a4 Rb8 17. Rb1 a5 18. Be1 Bf6 19. Ne2 Ng7 20. Nf3 b6 21. Bd2 Kh7 22. Ne1 Ne7 23. f4 Bg4 24. Bc3 Ng8 25. fxe5 Bxe5 26. Nf3 Bxc3 27. Nxc3 Qd7 28. Rbe1 Rbe8 29. Nd2 Bh3 30. Rf2 Bxg2 31. Kxg2 Nf5 32. Nf3 Ng7 33. e5 Nf5 34. Rfe2 dxe5 35. Rxe5 Rxe5 36. Rxe5 Nf6 37. h3 Qd6 38. Qe2 Qb8 39. g4 Nd4 40. Nxd4 cxd4 41. Nd1 Nd7 42. Re4 d3 43. Qf3 Nc5 44. Re7 Kg8 45. Qf6 Nxb3 46. h4 Qc8 47. Ne3 d2 48. Kg3 Qxc4 49. Nxc4 d1Q 50. Ne3 Qg1+ 51. Kf3 Qh1+ 52. Kg3 Nd2 53. Ng2 Qb1 54. Qf4 Qd3+ 55. Ne3 Qb1 56. Kg2 Qb4 57. Qe5 Nc4 58. Nxc4 Qxc4 59. Kf3 Qb3+ 60. Kf4 Qxa4+ 61. Qe4 Qa2 62. Ke5 Rd8 63. h5 Qb2+ 64. Qd4 Qh2+ 65. Ke4 Qg2+ 66. Kd3 Qg3+ 67. Re3 Qd6 68. hxg6 Qxg6+ 69. Kd2 Qd6 70. Kd3 a4 71. Re5 a3 72. g5 h5 73. g6 Qxg6+ 74. Kd2 a2 75. Re1 Qg2+ 76. Kd3 Qg6+ 77. Kd2 Ra8 78. Rg1 a1Q 79. Rxa1 Qg2+ 80. Ke3 Rxa1 81. Qxa1 Qxd5 82. Kf4 b5 0-1

[Event "NRW Class2 1314"]
[Site "Germany"]
[Date "2013.09.15"]
[Round "1.5"]
[White "Fecke, Andreas"]
[Black "Loemker, Michael"]
[Result "0-1"]
[WhiteElo "2127"]
[BlackElo "2092"]
[PlyCount "76"]
[EventDate "2013.09.15"]
[EventType "team-tourn"]
[EventRounds "9"]
[EventCountry "GER"]
[SourceTitle "EXT 2015"]
[Source "ChessBase"]
[SourceDate "2014.11.20"]
[SourceVersion "1"]
[SourceVersionDate "2014.11.20"]
[SourceQuality "1"]
[WhiteTeam "Lippstadt Turm"]
[BlackTeam "Herford"]
[WhiteTeamCountry "GER"]
[BlackTeamCountry "GER"]

1. e4 g6 2. Nf3 d6 3. Be2 Bg7 4. 0-0 Nf6 5. c3 0-0 6. d3 e5 7. Nbd2 Nc6 8. b4 a6 9. a4 h6 10. Rb1 Kh7 11. b5 axb5 12. axb5 Ne7 13. d4 exd4 14. cxd4 d5 15. e5 Ne4 16. Qc2 Be6 17. Bd3 Nxd2 18. Bxd2 Qd7 19. Rfc1 Rfc8 20. Ra1 Rxa1 21. Rxa1 Bg4 22. Bf4 Nf5 23. Bxf5 Bxf5 24. Qc3 Qxb5 25. e6 Bxe6 26. Bxc7 Qc4 27. Qxc4 dxc4 28. Bd6 Rc6 29. Bb4 Bd5 30. Ne5 Bxe5 31. dxe5 c3 32. Kf1 c2 33. Rc1 g5 34. g3 g4 35. Ke1 Kg6 36. Kd2 Be4 37. Ra1 Kf5 38. Bc3 Rb6 0-1

[Event "NRW Class2 1213"]
[Site "Germany"]
[Date "2013.04.28"]
[Round "9.4"]
[White "Wilde, Pierre"]
[Black "Loemker, Michael"]
[Result "1-0"]
[WhiteElo "2253"]
[BlackElo "2071"]
[PlyCount "83"]
[EventDate "2012.09.16"]
[EventType "team-tourn"]
[EventRounds "9"]
[EventCountry "GER"]
[SourceTitle "EXT 2017"]
[Source "ChessBase"]
[SourceDate "2016.10.25"]
[SourceVersion "1"]
[SourceVersionDate "2016.10.25"]
[SourceQuality "1"]
[WhiteTeam "Neuenkirchen"]
[BlackTeam "Herford"]
[WhiteTeamCountry "GER"]
[BlackTeamCountry "GER"]

1. c4 g6 2. g3 Bg7 3. Bg2 d6 4. Nc3 Nc6 5. e4 e5 6. Nge2 Nf6 7. d3 0-0 8. 0-0 Nd4 9. Nxd4 exd4 10. Ne2 Nd7 11. Rb1 a5 12. b3 Rb8 13. Bb2 c5 14. Bc1 b5 15. Bd2 Ne5 16. Qc2 Bd7 17. h3 Nc6 18. a3 Kh8 19. Nf4 Ne7 20. Rfe1 Qc7 21. cxb5 Bxb5 22. b4 axb4 23. axb4 c4 24. dxc4 Qxc4 25. Qxc4 Bxc4 26. Rec1 Rfc8 27. Bf1 d5 28. exd5 Bxd5 29. Rxc8+ Rxc8 30. Re1 Be6 31. Nxe6 fxe6 32. Rxe6 Nd5 33. b5 Bf8 34. Bg2 Rc2 35. Bg5 Nc3 36. b6 Kg7 37. Rc6 Rb2 38. Rc7+ Kg8 39. b7 Bd6 40. Rd7 Be5 41. Bf1 h6 42. Bf4 1-0

[Event "NRW Class2 1112"]
[Site "Germany"]
[Date "2012.02.05"]
[Round "6.5"]
[White "Villwock, Martin"]
[Black "Loemker, Michael"]
[Result "1/2-1/2"]
[WhiteElo "2148"]
[BlackElo "2071"]
[PlyCount "83"]
[EventDate "2011.09.18"]
[EventType "team-tourn"]
[EventRounds "9"]
[EventCountry "GER"]
[SourceTitle "EXT 2015"]
[Source "ChessBase"]
[SourceDate "2014.11.20"]
[SourceVersion "1"]
[SourceVersionDate "2014.11.20"]
[SourceQuality "1"]
[WhiteTeam "Katernberg II"]
[BlackTeam "Herford"]
[WhiteTeamCountry "GER"]
[BlackTeamCountry "GER"]

1. e4 g6 2. d4 Bg7 3. Nc3 d6 4. Be3 c6 5. Qd2 b5 6. Bd3 e5 7. Nf3 Bg4 8. dxe5 dxe5 9. 0-0-0 Bxf3 10. gxf3 Nf6 11. Ne2 0-0 12. Rhg1 Nbd7 13. Ng3 Kh8 14. h4 h5 15. Bh6 Rg8 16. Bxg7+ Rxg7 17. Bf1 Qb6 18. Bh3 Nf8 19. Nf5 Rh7 20. Qg5 Ng8 21. Ne7 Nxe7 22. Qxe7 Qxf2 23. Qxe5+ Rg7 24. Qf6 Kh7 25. Rg2 Qe3+ 26. Kb1 Re8 27. Rgd2 Ne6 28. Rd7 Qe2 29. Bxe6 Rxe6 30. Qf4 Re7 31. R7d2 Qc4 32. Rd8 Rg8 33. Rxg8 Kxg8 34. Qb8+ Kg7 35. b3 Qc3 36. Rd8 b4 37. Rg8+ Kh7 38. Rd8 Qe1+ 39. Kb2 Qc3+ 40. Kc1 Qa1+ 41. Kd2 Qc3+ 42. Kc1 1/2-1/2

[Event "NRW Class2 1112"]
[Site "Germany"]
[Date "2011.10.09"]
[Round "2.4"]
[White "Scheffner, Axel"]
[Black "Loemker, Michael"]
[Result "1-0"]
[WhiteElo "2194"]
[BlackElo "2071"]
[PlyCount "77"]
[EventDate "2011.09.18"]
[EventType "team-tourn"]
[EventRounds "9"]
[EventCountry "GER"]
[SourceTitle "EXT 2015"]
[Source "ChessBase"]
[SourceDate "2014.11.20"]
[SourceVersion "1"]
[SourceVersionDate "2014.11.20"]
[SourceQuality "1"]
[WhiteTeam "Solingen III"]
[BlackTeam "Herford"]
[WhiteTeamCountry "GER"]
[BlackTeamCountry "GER"]

1. d4 g6 2. Nf3 Bg7 3. g3 Nf6 4. Bg2 0-0 5. 0-0 d6 6. c4 c6 7. Nc3 Nbd7 8. e4 e5 9. h3 a5 10. Re1 Re8 11. Be3 exd4 12. Nxd4 Nc5 13. Qc2 a4 14. Rad1 Qa5 15. Bf4 Bf8 16. g4 Nfd7 17. Be3 Ne5 18. b3 f6 19. f4 Nf7 20. Rb1 axb3 21. axb3 Qb4 22. Qd2 Qa3 23. Nc2 Nxb3 24. Qd1 Qa6 25. Rxb3 Qxc4 26. Nd4 Nd8 27. f5 Kh8 28. Nce2 gxf5 29. gxf5 Bd7 30. Rc3 Qg8 31. Nf4 c5 32. Qh5 Qg3 33. Bd2 Qg7 34. Nde2 Ra2 35. Rg3 Qxg3 36. Nxg3 Rxd2 37. Qh4 Bg7 38. Ngh5 Rf8 39. Ng6+ 1-0

[Event "NRW Class2 0910"]
[Site "Germany"]
[Date "2010.02.21"]
[Round "7.5"]
[White "Kohn, Sandro"]
[Black "Loemker, Michael"]
[Result "1-0"]
[WhiteElo "2119"]
[BlackElo "2168"]
[PlyCount "109"]
[EventDate "2009.09.20"]
[EventType "team-tourn"]
[EventRounds "9"]
[EventCountry "GER"]
[SourceTitle "EXT 2011"]
[Source "ChessBase"]
[SourceDate "2010.11.26"]
[SourceVersion "1"]
[SourceVersionDate "2010.11.26"]
[SourceQuality "1"]
[WhiteTeam "Godesberg II"]
[BlackTeam "Herford"]
[WhiteTeamCountry "GER"]
[BlackTeamCountry "GER"]

1. Nf3 g6 2. g3 Bg7 3. Bg2 e5 4. 0-0 Nc6 5. c4 d6 6. Nc3 Nf6 7. d3 0-0 8. Rb1 h6 9. b4 Be6 10. b5 Ne7 11. a4 Qd7 12. Re1 Nh7 13. Ba3 f5 14. Qc2 f4 15. Ne4 fxg3 16. hxg3 Bh3 17. c5 Bxg2 18. Kxg2 d5 19. c6 bxc6 20. bxc6 Nxc6 21. Qa2 Rfb8 22. Rb5 Rxb5 23. axb5 Nd4 24. Nxd4 exd4 25. Rc1 Rd8 26. Rc6 Qf7 27. Nc5 Rd6 28. Rxd6 cxd6 29. Na6 Nf6 30. f3 Qd7 31. Qb3 Kh7 32. Bb2 Qe6 33. Qc2 Nh5 34. Bc1 Qe5 35. g4 Qg3+ 36. Kf1 Qh3+ 37. Ke1 Qh1+ 38. Kd2 Ng3 39. Qd1 Qg2 40. Nb4 h5 41. gxh5 gxh5 42. Nxd5 h4 43. Nf4 Bh6 44. Kc2 Bxf4 45. Bxf4 Nxe2 46. Bd2 h3 47. Qe1 Qxf3 48. Qh4+ Kg6 49. Qh6+ Kf7 50. Qh7+ Ke6 51. Qg8+ Kd7 52. Qh7+ Kc8 53. Ba5 Qb7 54. Qg8+ Kd7 55. Qf7+ 1-0

[Event "NRW Class2 0708"]
[Site "Germany"]
[Date "2007.12.09"]
[Round "4.6"]
[White "Muschik, Benedikt"]
[Black "Loemker, Michael"]
[Result "0-1"]
[WhiteElo "2201"]
[BlackElo "2108"]
[PlyCount "88"]
[EventDate "2007.09.16"]
[EventType "team-tourn"]
[EventRounds "9"]
[EventCountry "GER"]
[SourceTitle "EXT 2009"]
[Source "ChessBase"]
[SourceDate "2008.11.26"]
[SourceVersion "1"]
[SourceVersionDate "2008.11.26"]
[SourceQuality "1"]
[WhiteTeam "Muenster II"]
[BlackTeam "Herford"]
[WhiteTeamCountry "GER"]
[BlackTeamCountry "GER"]

1. d4 g6 2. Bf4 Bg7 3. e3 c5 4. c3 cxd4 5. exd4 Nf6 6. Nf3 0-0 7. Bd3 Nh5 8. Bg5 h6 9. Bc1 d6 10. 0-0 Nc6 11. d5 Ne5 12. Be2 Nf6 13. Bf4 Nxf3+ 14. Bxf3 Bf5 15. Na3 Rc8 16. Qb3 Qd7 17. Rfe1 Bg4 18. Bxg4 Nxg4 19. Rad1 Rfe8 20. h3 Nxf2 21. Rd2 Nxh3+ 22. gxh3 Qxh3 23. Rg2 g5 24. Bg3 Qd7 25. Qd1 e5 26. dxe6 Rxe6 27. Rxe6 Qxe6 28. Qxd6 Qxa2 29. Qd7 Qe6 30. Qxb7 f5 31. Nc2 Bf8 32. Bf2 f4 33. Nd4 Qe8 34. Qxa7 Ra8 35. Qxa8 Qxa8 36. Ne6 Qa1+ 37. Kh2 f3 38. Rg1 Bd6+ 39. Kh3 Qxb2 40. Bd4 Qh2+ 41. Kg4 f2 42. Ra1 Qg2+ 43. Kh5 f1Q 44. Ra7 Qfe2+ 0-1

[Event "NRW Class2 0708"]
[Site "Germany"]
[Date "2007.11.04"]
[Round "3.6"]
[White "Loemker, Michael"]
[Black "Mertens, Heiko"]
[Result "0-1"]
[WhiteElo "2108"]
[BlackElo "2293"]
[PlyCount "92"]
[EventDate "2007.09.16"]
[EventType "team-tourn"]
[EventRounds "9"]
[EventCountry "GER"]
[SourceTitle "EXT 2009"]
[Source "ChessBase"]
[SourceDate "2008.11.26"]
[SourceVersion "1"]
[SourceVersionDate "2008.11.26"]
[SourceQuality "1"]
[WhiteTeam "Herford"]
[BlackTeam "Godesberg II"]
[WhiteTeamCountry "GER"]
[BlackTeamCountry "GER"]

1. d4 Nf6 2. c4 d6 3. Nc3 Nbd7 4. e4 c6 5. f4 e5 6. dxe5 dxe5 7. fxe5 Nxe5 8. Qxd8+ Kxd8 9. Nf3 Nfd7 10. Bf4 Bd6 11. Bg3 Ke7 12. 0-0-0 f6 13. Kc2 Nf7 14. Bxd6+ Nxd6 15. Be2 Nf7 16. Nd4 Nde5 17. g4 g6 18. Rhg1 Ng5 19. Rg3 Ne6 20. Nxe6 Bxe6 21. b3 Rad8 22. Rxd8 Rxd8 23. a4 a5 24. h3 Nf7 25. Rd3 Ng5 26. h4 Rxd3 27. Kxd3 Nf7 28. Kd4 Kd6 29. c5+ Ke7 30. Bd1 Nh6 31. e5 fxe5+ 32. Kxe5 Bxg4 33. Bxg4 Nxg4+ 34. Kd4 Nh6 35. Ne4 Nf5+ 36. Ke5 Nxh4 37. Nd6 Nf3+ 38. Kf4 Nd4 39. Nxb7 Nxb3 40. Ke5 Kd7 41. Kf6 Kc7 42. Nd6 Nxc5 43. Nc4 Nxa4 44. Nxa5 Kb6 45. Nc4+ Kc5 46. Ne5 Kd5 0-1

[Event "NRW Class2 0506"]
[Site "Germany"]
[Date "2006.04.02"]
[Round "8.7"]
[White "Richter, Goetz"]
[Black "Loemker, Michael"]
[Result "1-0"]
[WhiteElo "2073"]
[BlackElo "2096"]
[PlyCount "121"]
[EventDate "2005.09.25"]
[EventType "team-tourn"]
[EventRounds "9"]
[EventCountry "GER"]
[SourceTitle "EXT 2006"]
[Source "ChessBase"]
[SourceDate "2005.11.24"]
[SourceVersion "1"]
[SourceVersionDate "2005.11.24"]
[SourceQuality "1"]
[WhiteTeam "Koeln SF II"]
[BlackTeam "Herford"]
[WhiteTeamCountry "GER"]
[BlackTeamCountry "GER"]

1. e4 g6 2. d4 Bg7 3. Nc3 d6 4. Be3 c6 5. g3 Nf6 6. Bg2 Ng4 7. Bg5 h6 8. Bc1 Qb6 9. h3 Nf6 10. Nf3 0-0 11. 0-0 Nfd7 12. Kh2 Kh7 13. Rb1 Qc7 14. Nh4 e5 15. Be3 Nb6 16. f4 Nc4 17. Bg1 exf4 18. gxf4 Qd8 19. Qe1 Na6 20. Ne2 f5 21. Bf3 Bf6 22. Bf2 fxe4 23. Bxe4 Bxh4 24. Bxh4 Qe8 25. Ng3 d5 26. Bd3 Bd7 27. b3 Ne3 28. Rf3 Nf5 29. Nxf5 Bxf5 30. Re3 Qb8 31. Re7+ Kg8 32. Qg3 Bxd3 33. Qxd3 Qxf4+ 34. Bg3 Qf5 35. Qd2 Rae8 36. Rbe1 Rxe7 37. Rxe7 Rf7 38. Re5 Qf1 39. Re1 Qf6 40. Qxh6 Rf8 41. c3 c5 42. Re2 Qf7 43. Rf2 Qg7 44. Qxg7+ Kxg7 45. Rxf8 Kxf8 46. Bd6+ Kf7 47. dxc5 Ke6 48. Kg3 b6 49. b4 bxc5 50. Bxc5 Nxc5 51. bxc5 Kd7 52. Kf4 Kc6 53. Kg5 Kxc5 54. Kxg6 Kc4 55. h4 Kxc3 56. h5 d4 57. h6 d3 58. h7 d2 59. h8Q+ Kc2 60. Qc8+ Kb2 61. Qg4 1-0

[Event "NRW Class1 0304"]
[Site "Germany"]
[Date "2004.01.11"]
[Round "5.4"]
[White "Rosen, Willy"]
[Black "Loemker, Michael"]
[Result "1/2-1/2"]
[WhiteElo "2267"]
[BlackElo "2088"]
[PlyCount "82"]
[EventDate "2003.09.28"]
[EventType "team-tourn"]
[EventRounds "9"]
[EventCountry "GER"]
[SourceTitle "CBM 098 Extra"]
[Source "ChessBase"]
[SourceDate "2004.03.10"]
[SourceVersion "2"]
[SourceVersionDate "2004.03.10"]
[SourceQuality "1"]
[WhiteTeam "Katernberg II"]
[BlackTeam "Herford"]
[WhiteTeamCountry "GER"]
[BlackTeamCountry "GER"]

1. e4 g6 2. d4 Bg7 3. Nc3 d6 4. Nf3 Nf6 5. Be3 c6 6. Be2 0-0 7. 0-0 Qa5 8. Nd2 b5 9. a3 Qc7 10. f4 a6 11. Bf3 Bb7 12. g4 Nbd7 13. g5 Ne8 14. Ne2 c5 15. c3 Nb6 16. Rc1 f5 17. exf5 Bxf3 18. Nxf3 Rxf5 19. Nh4 Rf8 20. f5 Nc4 21. Qd3 Qc8 22. Ng3 gxf5 23. Nhxf5 Ra7 24. Nxg7 Nxg7 25. Rxf8+ Qxf8 26. Rf1 Qc8 27. Bc1 cxd4 28. cxd4 Rc7 29. Qf3 Qe8 30. b3 Nb6 31. h4 Nd7 32. h5 e5 33. d5 Qf8 34. Qg4 Qc8 35. Bd2 Nc5 36. Qf3 e4 37. Qf4 Nxb3 38. h6 Nxd2 39. Qxd2 Qg4 40. Qf2 Nf5 41. Qxf5 Qxg3+ 1/2-1/2

[Event "NRW Class1 0304"]
[Site "Germany"]
[Date "2003.12.07"]
[Round "4.3"]
[White "Koehn, Peter"]
[Black "Loemker, Michael"]
[Result "1-0"]
[WhiteElo "2288"]
[BlackElo "2088"]
[PlyCount "110"]
[EventDate "2003.09.28"]
[EventType "team-tourn"]
[EventRounds "9"]
[EventCountry "GER"]
[SourceTitle "CBM 098 Extra"]
[Source "ChessBase"]
[SourceDate "2004.03.10"]
[SourceVersion "2"]
[SourceVersionDate "2004.03.10"]
[SourceQuality "1"]
[WhiteTeam "Wattenscheid II"]
[BlackTeam "Herford"]
[WhiteTeamCountry "GER"]
[BlackTeamCountry "GER"]

1. c4 g6 2. Nc3 Bg7 3. d4 a6 4. Nf3 d6 5. e4 c6 6. h3 b5 7. Be3 Nf6 8. Qc2 0-0 9. Bd3 bxc4 10. Bxc4 d5 11. Bd3 dxe4 12. Nxe4 Nd5 13. a3 Nxe3 14. fxe3 a5 15. Kf2 e6 16. Qc3 f5 17. Nc5 f4 18. e4 Qe7 19. e5 a4 20. Rhd1 Kh8 21. Be4 Qa7 22. Rac1 Bh6 23. Qd2 Qg7 24. h4 Rg8 25. Rh1 Qe7 26. Rc4 Na6 27. Bxc6 Nxc5 28. Rxc5 Rb8 29. Bxa4 Bb7 30. Bc6 g5 31. hxg5 Bxg5 32. b4 Qg7 33. Kg1 Be7 34. Bxb7 Rxb7 35. Rc6 Ra7 36. Rh3 Rxa3 37. Rc7 Ra1+ 38. Kh2 Rd1 39. Qf2 Rb1 40. b5 Rxb5 41. Qc2 Qf7 42. Rc8 Rb8 43. Rxb8 Rxb8 44. d5 exd5 45. e6 Qg7 46. Ne5 Kg8 47. Nc6 Rf8 48. Nd4 Kh8 49. Nf5 Qg6 50. Qc3+ Bf6 51. Qd3 Be5 52. e7 Re8 53. Kh1 d4 54. Qb5 Bg7 55. Qd5 f3 1-0

[Event "Oberliga NRW 0102 I"]
[Site "Germany"]
[Date "2002.03.10"]
[Round "7.4"]
[White "Kley, Thomas"]
[Black "Loemker, Michael"]
[Result "0-1"]
[WhiteElo "2214"]
[BlackElo "2100"]
[PlyCount "50"]
[EventDate "2001.10.??"]
[EventType "team-tourn"]
[EventRounds "9"]
[EventCountry "GER"]
[SourceTitle "EXT 2004"]
[Source "ChessBase"]
[SourceDate "2003.11.25"]
[SourceVersion "1"]
[SourceVersionDate "2003.11.25"]
[SourceQuality "1"]
[WhiteTeam "Elberfeld"]
[BlackTeam "Herford"]
[WhiteTeamCountry "GER"]
[BlackTeamCountry "GER"]

1. e4 g6 2. d4 Bg7 3. Nc3 d6 4. f4 a6 5. Nf3 b5 6. Bd3 e6 7. 0-0 Ne7 8. Be3 0-0 9. a4 b4 10. Ne2 f5 11. a5 Nd7 12. Qd2 fxe4 13. Bxe4 Rb8 14. Ng5 Nf6 15. Bf3 Qd7 16. Nc1 Nfd5 17. Nd3 Nxe3 18. Qxe3 Nf5 19. Qd2 h6 20. Ne4 Nxd4 21. Rae1 Qa4 22. Bd1 Qxa5 23. c3 bxc3 24. bxc3 Nb5 25. Qe2 Nxc3 0-1

[Event "Oberliga NRW 0102 I"]
[Site "Germany"]
[Date "2001.11.11"]
[Round "3.4"]
[White "Vogelmann, Peter"]
[Black "Loemker, Michael"]
[Result "1-0"]
[WhiteElo "2290"]
[BlackElo "2100"]
[PlyCount "79"]
[EventDate "2001.10.??"]
[EventType "team-tourn"]
[EventRounds "9"]
[EventCountry "GER"]
[SourceTitle "EXT 2004"]
[Source "ChessBase"]
[SourceDate "2003.11.25"]
[SourceVersion "1"]
[SourceVersionDate "2003.11.25"]
[SourceQuality "1"]
[WhiteTeam "Monheim"]
[BlackTeam "Herford"]
[WhiteTeamCountry "GER"]
[BlackTeamCountry "GER"]

1. e4 g6 2. d4 Bg7 3. Nc3 d6 4. Be3 c6 5. Qd2 b5 6. Bd3 Nd7 7. Nf3 Nb6 8. h3 Rb8 9. b3 Nf6 10. Rd1 0-0 11. Bh6 Qc7 12. Bxg7 Kxg7 13. Ne2 e5 14. dxe5 dxe5 15. 0-0 Re8 16. Ng3 h6 17. Nh4 Qe7 18. f4 Nxe4 19. Nxe4 Qxh4 20. Nd6 Rf8 21. fxe5 Qd4+ 22. Kh1 Be6 23. Rde1 Nd5 24. Re4 Qc3 25. Qf2 Rb6 26. Rd4 Rbb8 27. Ne4 Qb2 28. Nf6 Nb6 29. Ng4 Nd5 30. Rxd5 cxd5 31. Qf6+ Kh7 32. Nxh6 Qd4 33. Rf4 Qe3 34. Ng4 Qe1+ 35. Kh2 Rg8 36. Rf1 Qd2 37. Rf2 Qc1 38. Rf4 Rg7 39. Qh4+ Kg8 40. Nf6+ 1-0

[Event "Oberliga NRW 9798 II"]
[Site "Germany"]
[Date "1998.??.??"]
[Round "9.1"]
[White "Loemker, Michael"]
[Black "Teloeken, Andreas"]
[Result "1-0"]
[WhiteElo "2160"]
[BlackElo "2165"]
[PlyCount "67"]
[EventDate "1997.10.??"]
[EventType "team-tourn"]
[EventRounds "9"]
[EventCountry "GER"]
[SourceTitle "EXT 1999"]
[Source "ChessBase"]
[SourceDate "1998.11.16"]
[SourceVersion "1"]
[SourceVersionDate "1998.11.16"]
[SourceQuality "1"]
[WhiteTeam "Herford"]
[BlackTeam "Suedlohn"]
[WhiteTeamCountry "GER"]
[BlackTeamCountry "GER"]

1. d4 d5 2. c4 c6 3. Nc3 Nf6 4. Nf3 e6 5. Bg5 Nbd7 6. e3 Be7 7. cxd5 exd5 8. Qc2 0-0 9. Bd3 Re8 10. 0-0 Nf8 11. Rab1 g6 12. b4 Ne6 13. Bxf6 Bxf6 14. Na4 a6 15. Nc5 Qe7 16. Rfc1 Ng7 17. a4 Bf5 18. b5 axb5 19. axb5 Rec8 20. bxc6 bxc6 21. h3 Bxd3 22. Nxd3 Ra6 23. Nb4 Raa8 24. Rb3 Qe6 25. Rc3 c5 26. Rxc5 Rd8 27. Nd3 Nf5 28. Nf4 Qd7 29. Rxd5 Qe7 30. Rxd8+ Rxd8 31. Qc7 Qa3 32. Ne5 Nd6 33. Rc6 Kg7 34. Ne6+ 1-0